[Event "Bundesliga 0607"]
[Site "Germany"]
[Date "2007.02.04"]
[Round "9.2"]
[White "Nikolic, Predrag"]
[Black "Navara, David"]
[Result "1-0"]
[WhiteElo "2626"]
[BlackElo "2725"]
[Annotator "Krasenkow,M"]
[PlyCount "123"]
[EventDate "2006.10.28"]
[EventType "team-tourn"]
[EventRounds "15"]
[EventCountry "GER"]
[SourceTitle "CBM 118"]
[Source "ChessBase"]
[SourceDate "2007.05.31"]
[SourceVersion "1"]
[SourceVersionDate "2007.05.31"]
[SourceQuality "1"]
[WhiteTeam "Solingen"]
[BlackTeam "Bindlach"]
[WhiteTeamCountry "GER"]
[BlackTeamCountry "GER"]

1. d4 Nf6 2. Nf3 e6 3. c4 b6 4. g3 Ba6 5. Qa4 c5 6. Bg2 Bb7 7. O-O cxd4 8. Nxd4
Bxg2 9. Kxg2 Qc7 10. Rd1 a6 11. Nc3 Qb7+ 12. f3 Be7 13. Bg5 Nc6 $1 {This line
was examined in CBM 62, annotations to Nikolic-Psakhis. Almost 10 years later
GM P.Nikolic plays the same line against a player of the next generation.} 14.
Nxc6 (14. Bxf6 $5 {is probably a more accurate move order. In the following
game, however, Black equalized anyway:} gxf6 (14... Bxf6 15. Ne4 $1) 15. Nxc6
Qxc6 16. Rd3 Qxa4 17. Nxa4 b5 18. cxb5 axb5 19. Nb6 Ra7 20. Rc1 Bd8 21. Nc8
Rxa2 22. Rb3 Ra5 23. Nd6+ Ke7 24. Nxb5 Bb6 25. Nd6 Rc5 $11 {1-0 Chetverik,
M-Gerstner,B/Bad Wiessee GER 2006/EXT 2007 (32)}) 14... Qxc6 15. Bxf6 Bxf6 (
15... gxf6 {led to a position from Chetverik-Gerstner.}) 16. Qxc6 dxc6 17. Ne4
Be5 $2 {Not the best reaction.} (17... Ke7 $142 $1 18. Nxf6 Kxf6 19. Rd6 Rhd8
20. Rad1 (20. Rxc6 Rd2 $11) 20... Ke7 21. Rxd8 Rxd8 22. Rxd8 Kxd8 {1/2-1/2
Nikolic,P-Psakhis,L/Eupen 1997/CBM 062/[Avrukh,B]}) 18. f4 Bb8 {The black
pieces now lack harmony but} (18... Bc7 {was not much better:} 19. Nd6+ Bxd6 (
19... Ke7 $2 20. Nxf7) 20. Rxd6 Rc8 21. Rad1 $16) 19. c5 $1 (19. Nd6+ {was now
senseless due to} Ke7) 19... b5 20. a4 $1 {White must act energetically to
make use of his temporary advantage in the arrangement of pieces.} Ke7 (20...
b4 21. Rd4 a5 22. Rad1 $16) 21. axb5 cxb5 22. c6 $1 Rd8 23. Nc5 $1 (23. Rxd8
$143 Kxd8 24. Nc5 (24. Ng5 Ke7) 24... a5) 23... Rd6 (23... a5 24. Nb7 $1 $18 {
[%cal Yd1d7]}) 24. Rxd6 Kxd6 25. Nxa6 Kxc6 26. Nb4+ Kb7 27. Rxa8 Kxa8 {With
the king on almost any other square, Black's position would be quite decent.
But now White starts bothering Black's unprotected pawns.} 28. Nc6 $1 {[%cal
Rc6d8,Rc6d4]} Bc7 29. Nd4 b4 30. Nc6 b3 {[%csl Rb3]} 31. Kf3 Kb7 (31... Bd6 32.
Na5 Ba3 33. Nc4 Be7 34. Ke4 {and the b3 pawn will fall anyway.}) 32. Nd4 e5 33.
Nxb3 exf4 34. gxf4 {White gradually brings home his advantage although it is
not an easy job:} Kc6 35. Ke4 g6 36. Nd4+ Kc5 37. e3 Kc4 38. b3+ Kb4 39. h3 Bb6
40. Kd3 Bc7 41. Kc2 Bb6 42. Kb2 f6 43. Nc2+ Kc5 44. Kc3 g5 45. Kd3 h5 46. Ke4
g4 47. h4 Kb5 48. Kf5 g3 49. Ne1 Kb4 (49... Bxe3 50. Ng2 Bd4 51. Kg6) 50. Kg6
Kc3 51. Kxh5 Kd2 52. Ng2 f5 53. Kg6 Ke2 54. h5 Kf2 55. h6 Kxg2 56. h7 Kf2 57.
h8=Q g2 58. Qh2 Kf1 59. Kxf5 Bxe3 (59... g1=Q 60. Qxg1+ Kxg1 61. b4 Kf2 (61...
Bxe3 62. Ke5 $18 {[%csl Gb4,Gf4]}) 62. Ke4 Kg3 63. f5 Bd8 64. Ke5 Kg4 65. f6
Kg5 66. f7 Be7 67. b5 Kg6 68. Ke6 $18) 60. Qh3 Bb6 61. Kg4 Kf2 62. Qf3+ 1-0

[Event "FIDE World Cup"]
[Site "Khanty-Mansiysk"]
[Date "2011.09.19"]
[Round "7.4"]
[White "Ponomariov, Ruslan"]
[Black "Ivanchuk, Vassily"]
[Result "1/2-1/2"]
[WhiteElo "2764"]
[BlackElo "2768"]
[Annotator "Krasenkow,M"]
[PlyCount "131"]
[EventDate "2011.08.28"]
[EventType "k.o."]
[EventRounds "7"]
[EventCountry "RUS"]
[SourceTitle "CBM 145"]
[Source "ChessBase"]
[SourceDate "2011.11.11"]
[SourceVersion "1"]
[SourceVersionDate "2011.11.11"]
[SourceQuality "1"]

1. d4 Nf6 2. c4 e6 3. Nf3 b6 4. g3 Ba6 5. Qb3 d5 6. cxd5 Qxd5 7. Nc3 {This
normal move (well, White gets his pawn structure damaged but quickly develops
his pieces) is very rarely played. But indeed, it is not very promising.} (7.
Qc2 {is the main theoretical line.}) (7. Qd1 {- see Morozevich - Anand in CBM
117.}) 7... Qxb3 8. axb3 Bb7 (8... Bb4 9. Bg2 Bb7 10. O-O a5 11. Bf4 Na6 12.
Ne5 Bxg2 13. Kxg2 Nd5 14. Rfc1 Nxf4+ 15. gxf4 f6 16. Nd3 Kd7 17. Kf3 Rhd8 18.
e3 Bf8 19. h4 Kc8 20. Ke2 Kb7 21. h5 h6 22. Rg1 Nb4 $11 {1/2 Short,N (2682)
-Gwaze,R (2429)/Luanda ANG 2011/The Week in Chess 864 (43)}) (8... Nd5 9. Nxd5
exd5 10. Bf4 Bb4+ 11. Kd1 Bd6 12. Bxd6 cxd6 13. Bh3 Bb5 14. Rc1 Bd7 15. Bg2 Be6
16. Kd2 Kd7 17. Rc3 Nc6 18. Rhc1 Rhc8 19. e3 h6 20. Ne1 Nb4 $11 {1/2 Lysyj,I 
(2576)-Iljin,A (2529)/St Petersburg 2007/CBM 117 ext (40)}) 9. Bg2 a6 (9... a5
{is more active:} 10. O-O Na6 11. Bf4 Bd6 12. Rfc1 O-O-O 13. Bxd6 Rxd6 14. e3
Bxf3 15. Bxf3 Nd5 {1/2 Huzman,A (2591)-Kishnev,S (2497)/Chalkidiki 2002/CBM 092
}) 10. O-O (10. Bf4 Bd6 11. O-O Nbd7 12. Bxd6 cxd6 13. Nd2 Bxg2 14. Kxg2 Ke7
15. b4 Rhc8 16. e4 d5 17. e5 Ne8 18. Ra3 Nc7 19. Rfa1 Rcb8 (19... Rab8 $142)
20. Nb3 Kd8 21. Nc1 Kc8 22. b5 a5 23. Nd3 Ra7 24. b4 Rba8 25. f4 $14 {1-0
Bunzmann,D (2498)-Rau,H (2325)/Schwaebisch Gmuend 2003/EXT 2004 (51)}) 10...
Nbd7 11. Bg5 {This plan is weaker than} (11. Bf4) 11... Bd6 12. Rfc1 O-O 13.
Nd2 Bxg2 14. Kxg2 Rfc8 15. Nce4 Bf8 {Too passive. Black allows White to
destroy his pawn structure on the kingside and create potential objects of
attack. Other options were more appropriate:} (15... Bb4) (15... Be7) (15...
Ne8) 16. Bxf6 (16. Rc6 Nd5) 16... gxf6 17. g4 (17. Rc6 {looks logical but
Black will easily oust that rook:} f5 18. Ng5 Nb8 19. Rc2 c5 $11) 17... c5 18.
dxc5 Bxc5 19. Nf3 Kf8 20. b4 Bxb4 21. Rxa6 Bc5 22. Rca1 Rxa6 23. Rxa6 {[%mdl
4096]} b5 24. Ra5 b4 25. Rb5 $14 Be7 26. b3 Rc7 27. Nd4 Kg7 28. f4 Bf8 29. e3 {
Black is completely passive.} Kg6 30. h4 (30. f5+ $5 exf5 31. Nxf5) 30... Kg7
31. Kf3 Be7 32. Ke2 Nc5 33. Nd2 Nb7 34. Nc4 Nc5 35. Nd2 Nb7 36. Ne4 Nd6 37. Rc5
$6 {A strange decision. Without rooks White's winning chances will be slim.
Don't forget that two knights can't mate a bare king!} (37. Nxd6 $142 Bxd6 38.
h5) 37... Rxc5 38. Nxc5 h5 $1 39. gxh5 Kh6 40. Nc6 Bf8 41. Nxb4 Kxh5 42. Nc6
Kxh4 43. Kf3 Kh5 44. b4 Kg6 45. Nd7 Bh6 46. Ke2 (46. Nd4 $142 {but Black
should not lose after} e5 47. fxe5 fxe5 48. Nxe5+ Kg5) 46... e5 47. Ne7+ (47.
fxe5 fxe5 48. Ncxe5+ Kf5) 47... Kg7 48. Kf3 exf4 49. e4 Nb5 50. Kg4 (50. Nf5+
Kg6 51. Nxh6 Kxh6 52. Kxf4 {was the last chance. Black must defend accurately,
e.g.} Kg6 53. Nb6 Kg7 54. Nd5 Kg6 55. Ne7+ Kg7 56. Ke3 Kf8 (56... Kh6 {is also
good, e.g.} 57. Kd3 Kg5 58. Kc4 Nc7 $1 59. Nd5 Ne6 60. b5 f5 61. b6 Nd8) ({
or even} 56... f5 $5 57. Nxf5+ Kf6) 57. Nf5 Ke8 58. Kd3 Kd7 59. Kc4 Na3+ 60.
Kd5 (60. Kc5 Ke6) 60... Nb5 61. Kc5 Nc3 62. Ng3 Ke6 63. Kc4 Nb1 64. Kb3 Nd2+ {
etc.}) 50... f3 51. Nf5+ Kh8 52. Kxf3 Bd2 53. Nxf6 Bxb4 54. e5 Bc3 55. Ke4 Nc7
56. Nd7 Kh7 57. Kf4 Nd5+ 58. Ke4 Nc7 59. Ne7 Kg7 60. Kf5 Bb4 61. Nc6 Ba3 62.
Nd4 Ne6 63. Nxe6+ fxe6+ 64. Kxe6 Bb2 65. Ke7 Bxe5 66. Nxe5 1/2-1/2

[Event "Bazna Kings 3rd"]
[Site "Bazna"]
[Date "2009.06.18"]
[Round "5"]
[White "Shirov, Alexei"]
[Black "Gelfand, Boris"]
[Result "0-1"]
[WhiteElo "2745"]
[BlackElo "2733"]
[Annotator "Krasenkow,M"]
[PlyCount "80"]
[EventDate "2009.06.14"]
[EventType "tourn"]
[EventRounds "10"]
[EventCountry "ROU"]
[EventCategory "20"]
[SourceTitle "CBM 131"]
[Source "ChessBase"]
[SourceDate "2009.07.15"]
[SourceVersion "1"]
[SourceVersionDate "2009.07.15"]
[SourceQuality "1"]

1. d4 Nf6 2. c4 e6 3. Nf3 b6 4. g3 Ba6 5. Qb3 Nc6 6. Nbd2 Na5 7. Qc3 c5 8. dxc5
bxc5 9. e4 Bb7 10. e5 Ne4 11. Nxe4 Bxe4 12. Bg2 {This line has been examined
in many CBM issues, most recently in CBM 104, annotations to Dautov-Ibrayev by
GM R.Dautov.} Nc6 {As often happens, Black has more important things to do
than just preparing castling. Transferring his knight to d4 is one of them.
You will see that in some lines he even allows White to take that knight with
the bishop and win a pawn but obtains good counterplay on the dark squares.} (
12... Be7 13. O-O O-O {is a bit too slow:} 14. Re1 (14. Bd2 Nc6 15. Qe3 Bxf3
16. Bxf3 Nd4 17. Bc3 $1 Rb8 $5 (17... Nxf3+ 18. Qxf3 f6 19. Rad1 Rb8 20. Qe3
Qc7 21. Rd3 Qc6 22. Rfd1 Rb7 23. exf6 Bxf6 24. Rd6 Qc8 25. Bxf6 Rxf6 26. b3 $14
{1/2 Lautier,J (2687)-Gelfand,B (2703)/Cannes 2002/CBM 088/[Gershon] (54)}) 18.
Bxd4 cxd4 19. Qxd4 Qc7 20. Rad1 Rfd8 21. b3 d6 22. exd6 Bxd6 23. Qe4 Bc5 $44 {
1/2 Bareev,E (2711)-Gelfand,B (2714)/Sochi 2004/CBM 101/[Finkel,A] (46)}) 14...
Bb7 (14... Bg6 15. Bg5 (15. Nh4 $5 $14) 15... Nc6 16. Bxe7 Qxe7 17. h3 Rad8 18.
Rad1 d6 19. Qe3 dxe5 20. Nxe5 Nxe5 21. Qxe5 Bc2 22. Rxd8 Rxd8 23. Be4 Bxe4 24.
Qxe4 g6 $11 {1/2 Riazantsev,A (2603)-Adams,M (2718)/Bastia 2005/EXT 2006 (50)})
(14... Bxf3 $143 15. Bxf3 Rc8 16. Bf4 Nc6 17. Bxc6 Rxc6 18. Rad1 f5 19. exf6
Bxf6 20. Be5 $14 {1/2 Harika,D (2461)-Javakhishvili,L (2466)/Dagomys 2008/CBM
123 Extra (45)}) 15. Bf4 (15. Be3 Qc7 16. Rad1 Nc6 17. Bf4 Rfd8 {1/2 Tunik,G 
(2457)-Anisimov,P (2501)/St Petersburg 2005/CBM 108 ext}) 15... Qb6 16. Rad1
Rad8 17. Rd3 Bxf3 18. Bxf3 Nc6 19. Bxc6 dxc6 $6 (19... Qxc6 $14) 20. Red1 Rxd3
21. Rxd3 Rd8 22. b3 $16 {_|_1-0 Miroshnichenko,E (2647)-Zakharstov,V (2585)/
Sochi 2008/CBM 123 Extra (53)}) (12... Rb8 13. O-O Be7 {is also insufficient
for equality:} 14. Re1 (14. b3 Nc6 15. Bb2 (15. Re1 Bxf3 16. Qxf3 Nd4 17. Qg4
g6 18. Qe4 O-O 19. Bb2 Qa5 20. Red1 Rfd8 21. Rd3 Bf8 22. Bc3 Qc7 23. Bxd4 cxd4
24. Rxd4 Bc5 25. Rd3 d6 $44 {1/2 Riazantsev,A (2628)-Pavlovic,M (2522)/Moscow
2008/CBM 123 (31)}) 15... O-O 16. Qe3 Bg6 17. Rfd1 Qc7 18. Ne1 $5 (18. Rd2 $5
$14) 18... Rfd8 19. Nd3 d6 20. exd6 Qxd6 21. Ne5 Qxd1+ 22. Rxd1 Rxd1+ 23. Bf1
Rc8 24. Qf3 Rd6 $11 {1/2 Gelfand,B (2700)-Almasi,Z (2676)/Budapest 2003/CBM
095/[Gershon] (35)}) 14... Bg6 (14... Ba8 15. Bf4 O-O 16. Rad1 Qc7 17. b3 Rfd8
18. Bg5 Nc6 19. Bxe7 Nxe7 20. Ng5 Bxg2 21. Kxg2 Nf5 22. Ne4 {1-0 Beliavsky,A 
(2667)-Cvitan,O (2516)/Celje 2003/CBM 097 ext (34)}) 15. Be3 (15. Nd2 f6 $1 16.
Nb3 Nxb3 17. axb3 fxe5 18. Qxe5 O-O 19. Rxa7 Rxb3 20. Be3 (20. Rd1 $1 $14)
20... Bf5 $1 21. Qc7 Qxc7 22. Rxc7 Rd8 {1/2 Huzman,A (2589)-Beliavsky,A (2649)/
Istanbul 2003/CBM 096/[Gershon] (72)}) (15. Bg5 Nc6 16. Bxe7 Qxe7 17. h3 O-O
18. Rad1 Rfd8 19. Rd6 f6 20. Red1 Be4 21. exf6 Qxf6 22. Qxf6 gxf6 23. Nd2 Bxg2
24. Kxg2 Rxb2 25. Ne4 $14 {1-0 Sargissian,G (2618)-Ivanov,A (2537)/Moscow 2004/
EXT 2005 (58)}) (15. Nh4 Qc7 16. Nxg6 hxg6 17. b3 Nc6 18. Bb2 Nb4 19. Qd2 O-O
20. h4 Rfd8 21. Qe2 Nc6 22. h5 $14 {1/2 Giri,A (2466)-Heinemann,T (2490)/
Werder Bremen GER 2009/CBM 128 Extra (50)}) 15... O-O 16. Rad1 h6 17. Nd2 f5
18. Nb3 Nxb3 19. axb3 Qc7 20. Ra1 Rb4 21. Ra3 Rfb8 {1/2 Postny,E (2494)
-Gruenfeld,Y (2498)/Israel 2003/EXT 2004 (27)} 22. Bd2 $14) 13. O-O Rb8 (13...
Be7 14. Qe3 (14. Re1 Bg6 15. Bf4 (15. Nd2 Qc7 (15... Nd4 $5 16. Ne4 Rb8) 16.
Ne4 (16. Nb3 $5) 16... O-O 17. Bf4 Rab8 18. Rad1 Nd4 19. b3 Bxe4 20. Rxe4 d6 (
20... Rfd8 $142 $11 {[%cal Yd7d6]}) 21. Rexd4 $1 cxd4 22. Qxd4 dxe5 23. Bxe5
Qa5 24. Bxb8 Rxb8 $44 {1/2 Sargissian,G (2618)-Macieja,B (2653)/Stepanakert
2004/CBM 100/[Gershon] (37)}) 15... O-O 16. Rad1 Rb8 (16... Qc7 17. Bg5 Bxg5
18. Nxg5 Rab8 19. b3 (19. Rd6 $14) 19... h6 20. Bxc6 dxc6 21. Nh3 Rfd8 22. Nf4
Bf5 23. Nd3 {1/2 Riazantsev,A (2593)-Najer,E (2653)/Sochi 2006/CBM 111 ext})
17. Rd2 Qc7 18. Bg5 $5 Bxg5 19. Nxg5 Rfd8 20. Rd6 Nd4 21. Nf3 $14 {1/2 Bologan,
V (2679)-Adams,M (2720)/Wijk aan Zee 2004/CBM 099/[Gershon] (40)}) 14... Bg6
15. Bd2 O-O 16. Bc3 Qc7 (16... Qb6 17. Rfd1 Rad8 $1 18. Rd2 a5 19. Rad1 Qa7 20.
a3 $6 (20. Nh4 $1 $14) 20... a4 $1 21. h3 $6 (21. Nh4 $1) 21... h6 22. Nh2 Nd4
$1 23. Bxd4 cxd4 24. Qxd4 Bc5 $44 {1/2 Dautov,R (2623)-Ibrayev,N (2476)/
Mallorca 2004/CBM 104/[Dautov] (38)}) 17. Rad1 Rab8 18. Rd2 Rfd8 19. Rfd1 a5
20. Nh4 Bh5 {1/2 Estremera Panos,S (2370)-Palac,M (2587)/Cutro 2003/EXT 2007}
21. Bf3 $14) ({The immediate} 13... Bxf3 $5 {is possible:} 14. Qxf3 (14. Bxf3
Nd4) 14... Rb8 15. Qc3 Nd4 16. Re1 Be7 17. Rb1 (17. Be3 Qb6 18. b3 d6 19. exd6
Bxd6 $11 {0-1 Wiley,T (2335)-Halkias,S (2571)/Bad Wiessee 2006/EXT 2007 (71)})
17... Qb6 18. Be3 O-O 19. Qd3 a5 20. Be4 g6 21. Red1 Rfd8 22. Qa3 d5 23. exd6
Bxd6 $11 {1/2 Riazantsev,A (2638)-Zhigalko,S (2568)/Plovdiv 2008/CBM 124 (42)})
14. Re1 (14. Ng5 $6 {, to avoid Bxf3, is too slow. Black easily pushes ...
d7-d6 and obtains a good position:} Bxg2 15. Kxg2 Qc7 16. Re1 Be7 17. Nf3 Qb7
18. Kg1 O-O 19. b3 d6 $11 {1/2 Van Wely,L (2679)-Gelfand,B (2696)/Monte Carlo
2005/CBM 105 ext (32)}) 14... Bxf3 15. Bxf3 (15. Qxf3 Nd4 16. Qe4 (16. Qd3 Be7
17. Rb1 a5 18. Bd2 O-O 19. Be4 g6 20. Qa3 Rb4 $5 21. Bxb4 axb4 22. Qd3 d6 23.
exd6 Qxd6 $44 {1/2 Bareev,E (2653)-Grischuk,A (2726)/Moscow 2007/EXT 2008 (48)}
) 16... Be7 17. Rb1 a5 18. Be3 Qc7 19. Bxd4 cxd4 20. Qxd4 Bc5 21. Qd3 O-O 22.
b3 Rfd8 23. Rbd1 {1/2 Svidler,P (2736)-Eljanov,P (2686)/Foros 2007/CBM 119})
15... Nd4 16. Bd1 $6 {A strange decision. One can hardly find a worse place
for this bishop. White prevents ...d7-d6 for the moment but Black needn't
hurry.} (16. Bg2 $11) 16... Be7 17. Be3 Qc7 {White is welcome to take on d4,
as said in the comment to move 12.} 18. Rb1 $2 {[%mdl 8192] Alexey Shirov
wrongly believes Black can't take on e5.} (18. Bxd4 cxd4 19. Qxd4 Bc5 20. Qe4
Rxb2 21. Bc2 $15) (18. Bf4 $5) 18... Qxe5 $1 19. Bxd4 (19. Bf4 Qf5 {[%cal
Rf5b1]} 20. Bxb8 Qxb1 21. a3 O-O $17 22. Bxa7 $140 Ra8 23. Bb6 Rb8) 19... cxd4
20. Qd2 Qc5 {No pawn, no compensation. Black confidently converts his material
advantage.} 21. Be2 O-O 22. Red1 e5 23. Qd3 f5 24. g4 g6 25. gxf5 gxf5 26. b4
Qc6 27. b5 Qb6 28. Qg3+ Qg6 29. Bh5 Qxg3+ 30. hxg3 Bc5 31. Kg2 e4 32. Rh1 d3
33. Bd1 f4 34. Rh5 f3+ 35. Kf1 d6 36. Bb3 Rbe8 37. Re1 d2 38. Rd1 Bxf2 39. Rxd2
Bc5 40. Bc2 Re7 0-1

[Event "EU-chT (Men) 20th"]
[Site "Reykjavik"]
[Date "2015.11.19"]
[Round "6.1"]
[White "Lenic, Luka"]
[Black "Navara, David"]
[Result "0-1"]
[WhiteElo "2625"]
[BlackElo "2730"]
[Annotator "Krasenkow,M"]
[PlyCount "98"]
[EventDate "2015.11.13"]
[EventType "team-swiss"]
[EventRounds "9"]
[EventCountry "ISL"]
[SourceTitle "CBM 170"]
[Source "ChessBase"]
[SourceDate "2016.01.15"]
[SourceVersion "1"]
[SourceVersionDate "2016.01.15"]
[SourceQuality "1"]
[WhiteTeam "Slovenia"]
[BlackTeam "Czech Republic"]
[WhiteTeamCountry "SLO"]
[BlackTeamCountry "CZE"]

1. d4 Nf6 2. c4 e6 3. Nf3 b6 4. g3 Ba6 5. Qc2 Bb7 6. Bg2 c5 7. d5 exd5 8. cxd5
Nxd5 9. O-O Nc6 10. Rd1 Be7 11. a3 {Too slow. More popular continuations:} (11.
Qa4) (11. Qf5) 11... Nc7 (11... Nf6 {, inviting e2-e4-e5, is less logical but
even then Black had no problems in the following game:} 12. e4 O-O 13. e5 Ne8
14. Nc3 Nc7 15. Be3 Qc8 16. Rd2 Na5 17. Bg5 Bxf3 18. Bxe7 Bxg2 19. Bxf8 Qb7 20.
f4 Bc6 $44 {1/2 (30) Moiseenko,A (2703)-Mareco,S (2565) Jakarta 2013}) 12. Nc3
(12. Ne5 Qc8 13. Qf5 Nxe5 14. Bxb7 Qxb7 15. Qxe5 Ne6 16. Nc3 d6 17. Qh5 O-O 18.
Be3 f5 $15 {0-1 (70) Wachinger,G (2254)-Volke,K (2472) Bad Wiessee 2007}) 12...
O-O 13. Bf4 (13. e4 d6 14. Be3 Qc8 15. Nd5 Nxd5 16. exd5 Nb8 17. Ng5 Bxg5 18.
Bxg5 Re8 19. Qa4 Qd7 20. Qh4 {0-1 (29) Panchanathan,M (2556)-Kononenko,D (2593)
Pardubice 2011} Na6 21. Bh3 f5 {, and White has no compensation for the pawn})
(13. Qf5 Ne6 14. Nd5 d6 15. Be3 g6 16. Qb1 Re8 17. b4 Bf8 18. Ra2 Bg7 $17 {
[%cal Yc6d4] 0-1 (46) Fominyh,A (2485)-Miroshnichenko,E (2680) Mumbai 2009})
13... Ne6 14. e3 Nxf4 (14... Re8 $143 15. Bd6 Bxd6 16. Rxd6 Qe7 17. Rd2 d6 18.
Nd5 Qf8 19. Rad1 $44 {0-1 (52) Mischuk,D (2312)-Makhmutov,R (2360) Kazan 2013})
15. gxf4 d6 (15... Re8 {is senseless here. White obtained an edge in the
following blitz game:} 16. Rd2 (16. Qf5 $5 d6 $140 17. Ne5 {was probably even
stronger}) 16... d6 17. Rad1 Rb8 18. Nd5 Qd7 19. Nxe7+ Nxe7 20. Rxd6 Qg4 21. h3
Qh5 22. Ng5 {1-0 (36) Wojtaszek,R (2734)-Navara,D (2734) Berlin GER 2015}) (
15... Na5 16. Nd5 $5) 16. Rd2 Qd7 17. Nd5 (17. Rad1 {is probably more accurate;
the knight keeps options to go to e4 or b5. E.g.} h6 (17... Rae8 $6 18. Ne4) (
17... Rad8 18. Nd5 Qg4 19. h3 Qh5 20. Ne5 Bh4 $1 21. Bf3 Qh6 22. Ng4 Qg6 23.
Qxg6 hxg6 24. Nc7 Rd7 25. Nb5 Be7 26. Nxd6 Rfd8 $11 {1/2 (43) Duzhakov,I (2336)
-Gasanov,E (2482) St Petersburg 2010}) 18. Nd5 Rfe8 19. Nxe7+ Qxe7 20. Rxd6 Nd4
21. Nxd4 Qxd6 22. Nb5 Qe7 23. Bxb7 Qxb7 24. Nd6 Qf3 25. Nxe8 Rxe8 26. Rd6 Qg4+
27. Kf1 Qh4 28. Kg2 Qg4+ 29. Kf1 Qh4 30. Kg2 Qg4+ {1/2 (30) Rusev,K (2558)
-Lenic,L (2639) Bol 2015}) 17... Rae8 18. Rad1 Bd8 (18... h6 $5) 19. b4 (19.
Nc3 $1 {[%cal Yc3e4] was quite strong. In the event of the logical} Re6 20. Ne4
Nb4 (20... Rg6 $5 21. Nfg5 $13) 21. Ne5 $1 Rxe5 $1 22. axb4 Bxe4 23. Bxe4 Qg4+
24. Bg2 Re6 25. bxc5 Rg6 26. Qe4 bxc5 27. Rxd6 {White regains the pawn and
even keeps some pressure.}) 19... Qg4 $1 {[%mdl 256] Black activates his queen
keeping an extra pawn. White must fight for equality.} 20. h3 Qh5 21. b5 $6 (
21. Nh2 Bc8 $1 $15) 21... Ne7 22. Nxe7+ Bxe7 23. Nh2 Bxg2 24. Kxg2 {White's
control of the light squares doesn't compensate for his material deficit. His
position would be much nicer if his knight stood on d5 and not on h2; however,
that is hardly achievable.} a6 $1 {Black opens up the a-file to activate his
rooks.} 25. bxa6 Ra8 26. Qc4 Qg6+ 27. Kh1 Qe6 28. Rd5 Qxh3 {The a6 pawn is
doomed, too, so Black's material advantage can increase.} 29. f5 Qh4 {The
simplest course. Black liquidates into an endgame while retaining an extra
pawn.} 30. Qxh4 Bxh4 31. Rxd6 Rxa6 32. Kg2 Rc8 33. Nf3 Be7 34. Rd7 Bf8 35. Rd8
Raa8 36. Rxc8 Rxc8 37. Rb1 c4 38. a4 g6 39. Nd4 Bc5 40. fxg6 fxg6 41. Nb5 h5 {
[%mdl 32] The principle of two weaknesses: it is difficult for White to hold
both passed pawns.} 42. Kf3 g5 43. Rh1 h4 44. Rc1 Bb4 45. Kg4 c3 46. Nd4 Rc4
47. Kxg5 $2 {This loses at once as White can't stop Black's pawns now.} h3 48.
Kg4 (48. Nc2 Be7+ 49. Kf5 Rxa4 50. Rh1 Ra2 $19) 48... Ba3 49. Rf1 c2 0-1